Fahrenheit 451 - Alpha Wann - Statistiques

Statistiques générales
  • Ce quiz a été pris 18 fois
    17 depuis la dernière actualisation
  • Le résultat moyen est 150 sur 205
Statistiques - réponses
Réponse % Correct
de
100%
la
100%
le
100%
les
100%
451
92%
à
92%
ciel
92%
des
92%
Fahrenheit
92%
je
92%
en
83%
Guinée
83%
guinée
83%
j'ai
83%
même
83%
moi
83%
ou
83%
posé
83%
regarde
83%
s'use
83%
te
83%
2.0
75%
232
75%
Celsius
75%
c'est
75%
Chez
75%
chez
75%
dans
75%
ingénierie
75%
jsuis
75%
j'suis
75%
l'Allemagne
75%
maille
75%
map
75%
matrixé
75%
missile
75%
monde
75%
nouveau
75%
ombres
75%
par
75%
peur
75%
prototype
75%
sur
75%
téléguidé
75%
tes
75%
tu
75%
uchiwa
75%
1984
67%
au
67%
avec
67%
beaucoup
67%
bout
67%
classe
67%
coaching
67%
coeur
67%
comme
67%
couche
67%
dada
67%
diable
67%
don
67%
d'ozone
67%
entraine
67%
et
67%
gris
67%
gros
67%
ils
67%
j'arrive
67%
j'assure
67%
kangoo
67%
meilleur
67%
merco
67%
naître
67%
nature
67%
naturelle
67%
négro
67%
net
67%
nette
67%
rouge
67%
sélection
67%
sélective
67%
toujours
67%
trop
67%
trou
67%
un
67%
verras
67%
vision
67%
voir
67%
zidane
67%
armature
58%
aveuglé
58%
Carter
58%
chiffre
58%
chinoir
58%
c'qui
58%
d'six
58%
font
58%
f'rai
58%
japo-nègre
58%
jeune
58%
jveux
58%
kangourou
58%
légende
58%
maintenant
58%
mec
58%
mondes
58%
montres
58%
n'te
58%
paname
58%
pas
58%
proxénétisme
58%
puis
58%
pur
58%
renforce
58%
roule
58%
Shawn
58%
thune
58%
ton
58%
Tout
58%
tout
58%
tue
58%
ue-t
58%
voiture
58%
voulais
58%
dramaturge
50%
l'art
50%
mature
50%
mois
50%
tracé
50%
boubou
42%
grand
42%
j'écris
42%
cochi
33%
meurs
33%
bob
25%
Aucun quiz correspondant
Distribution des résultats
% des personnes avec chaque résultat
Percentile par nombre de réponses
Votre historique - résultats
Vous n’avez pas pris ce quiz depuis la dernière actualisation